Capitals of BRICS Countries - Statistics

General Stats
  • This quiz has been taken 13 times
  • The average score is 8 of 10
Answer Stats
Answer % Correct
Beijing
100%
Brasília
100%
Moscow
100%
New Delhi
100%
Bloemfontein | Cape Town | Pretoria
83%
Tehran
67%
Cairo
58%
Abu Dhabi
50%
Addis Ababa
50%
Jakarta
42%
No matching quizzes found
Score Distribution
Percent of People with Each Score
Percentile by Number Answered
Your Score History
You have not taken this quiz